[Event "PHI-ch U12"]
[Site "San Antonio"]
[Date "2014.04.23"]
[Round "4"]
[White "Polan, Reishi Boy"]
[Black "Comendador, Marc Jason"]
[Result "1-0"]
[WhiteElo "1739"]
[BlackElo "1797"]
[PlyCount "105"]
[EventDate "2014.04.21"]
[EventType "swiss"]
[EventRounds "13"]
[EventCountry "PHI"]
[SourceTitle "CBM 160 Extra"]
[Source "ChessBase"]
[SourceDate "2014.07.01"]
[SourceVersion "1"]
[SourceVersionDate "2014.07.01"]
[SourceQuality "1"]

1. e4 e5 2. Nf3 d6 3. d4 exd4 4. Nxd4 Nf6 5. Nc3 Be7 6. Bc4 0-0 7. 0-0 Nxe4 8. Nxe4 d5 9. Bd3 dxe4 10. Bxe4 c6 11. c3 Na6 12. Qc2 h6 13. Rd1 Qc7 14. Bf5 Bf6 15. Bxc8 Raxc8 16. Nf3 c5 17. Be3 c4 18. Rd5 Rcd8 19. Rad1 b6 20. Qa4 Nb8 21. Rxd8 Rxd8 22. Rxd8+ Qxd8 23. Nd4 Bxd4 24. Bxd4 Qc7 25. h3 Qc6 26. Qxa7 Nd7 27. b4 cxb3 28. axb3 Qe6 29. b4 f5 30. Qc7 b5 31. Qg3 Qf7 32. Qd3 Qd5 33. Qe3 Qf7 34. Qe2 Qd5 35. Qe8+ Nf8 36. Bc5 Qf7 37. Qxf8+ Qxf8 38. Bxf8 Kxf8 39. Kf1 Ke7 40. Ke2 Kd6 41. Kd3 Kd5 42. f4 g6 43. h4 Kc6 44. Kd4 Kd6 45. c4 bxc4 46. Kxc4 Kc6 47. b5+ Kb6 48. Kb4 Kb7 49. Kc5 Kc7 50. b6+ Kb7 51. Kb5 Kb8 52. Kc6 Kc8 53. Kd6 1-0